Normal view
MARC view
- Huba Rana
Entry Personal Name
001 - CONTROL NUMBER
- control field: 92084
003 - CONTROL NUMBER IDENTIFIER
- control field: NUST
005 - DATE AND TIME OF LATEST TRANSACTION
- control field: 20220624151502.0
008 - FIXED-LENGTH DATA ELEMENTS
- fixed length control field: 220624|| aca||aabn | a|a d
040 ## - CATALOGING SOURCE
- Original cataloging agency: NUST
- Transcribing agency: NUST
100 ## - HEADING--PERSONAL NAME
- Personal name: Huba Rana
670 ## - SOURCE DATA FOUND
- Source citation: Work cat.: (NUST): Huba Rana, TH-SOF-1997-Green Supply Chain Learning Model for Sustainable Performance in Manufacturing Sector, 2022.
